Statistics for 駅ビル「atre」がある駅

Click here to take the quiz!

General Stats

  • This quiz has been taken 8 times
  • The average score is 16 of 25

Answer Stats

HintAnswer% Correct
東京都四谷
100%
東京都吉祥寺
100%
埼玉県浦和
86%
東京都恵比寿
71%
千葉県新浦安
71%
茨城県取手
71%
千葉県松戸
71%
東京都目黒
71%
茨城県 *「プレイアトレ」業態土浦
71%
神奈川県川崎
71%
東京都大井町
71%
東京都五反田
71%
神奈川県大船
57%
東京都信濃町
57%
東京都大森
57%
東京都品川
57%
東京都秋葉原
57%
東京都亀戸
57%
東京都大塚
57%
東京都巣鴨
57%
東京都田端
57%
東京都三鷹
57%
東京都上野
57%
東京都東中野
43%
東京都竹芝
14%

Score Distribution

Percentile by Number Answered

Percent of People with Each Score

Your Score History

You have not taken this quiz